Dopad hospodárskej krízy na ekonomiku Humenského regiónu bakalárska práca

Gespeichert in:
Bibliographische Detailangaben
1. Verfasser: Gambošová, Ľubica
Körperschaft: Podnikovohospodárska fakulta EU so sídlom v Košiciach. Katedra ekonómie
Weitere Verfasser: Pétrová, Rozália
Format: Buch
Sprache:Slowakisch
Veröffentlicht: Košice 2011
Tags: Tag hinzufügen
Keine Tags, Fügen Sie das erste Tag hinzu!

MARC

LEADER 00000nbm a2200000 4500
001 0139336
005 20240827092042.3
041 0 |a slo 
044 |a SK 
245 1 0 |a Dopad hospodárskej krízy na ekonomiku Humenského regiónu  |b bakalárska práca  |c Ľubica Gambošová ; školiteľ: Rozália Pétrová 
264 1 |a Košice  |c 2011 
300 |a 34 s. 
100 1 |a Gambošová, Ľubica 
700 1 |a Pétrová, Rozália 
710 2 |a Podnikovohospodárska fakulta EU so sídlom v Košiciach. Katedra ekonómie